[Event "III Copa Marcel Duchamp 2019"]
[Site "Montevideo"]
[Date "2019.02.10"]
[Round "2.13"]
[White "Soto, Nicolas"]
[Black "Gemy, Jose Daniel"]
[Result "*"]
[WhiteElo "1982"]
[BlackElo "2391"]
[Annotator "TA"]
[PlyCount "29"]
[EventDate "2019.02.09"]
[EventType "swiss"]
[EventCountry "URU"]
[SourceTitle "playchess.com"]
[Source "ChessBase"]
[SourceQuality "1"]

{[%evp 12,13,18,12]} 1. e4 e5 2. Nf3 Nc6 3. Bc4 Bc5 4. c3 Nf6 5. d3 a6 6. Bb3 d6 7. Nbd2 {Predecessor:} h6 $146 8. Nf1 d5 9. exd5 Nxd5 10. Ng3 O-O 11. O-O Re8 12. Re1 Nf6 13. h3 Be6 14. Bc2 Bd5 15. Nh4 {½-½ (43) Duda,J (2739)-Mamedyarov,S (2820) Batumi 2018} *

[Event "III Copa Marcel Duchamp 2019"]
[Site "Montevideo"]
[Date "2019.02.10"]
[Round "2.14"]
[White "Lujan, Carolina"]
[Black "Araque, Jairo"]
[Result "1-0"]
[WhiteElo "2357"]
[BlackElo "1961"]
[Annotator "TA"]
[PlyCount "81"]
[EventDate "2019.02.09"]
[EventType "swiss"]
[EventCountry "URU"]
[SourceTitle "playchess.com"]
[Source "ChessBase"]
[SourceQuality "1"]

{[%evp 9,80,0,10,-11,44,19,39,32,38,35,56,43,56,47,71,77,133,95,105,106,106,136,142,120,123,111,170,174,154,91,102,0,-27,-11,-12,-8,75,75,120,81,86,103,360,345,306,269,277,266,246,134,137,76,63,17,21,7,24,31,197,87,279,0,122,68,66,88,91,67,90,-30,29998,29999,29999]} 1. e4 e6 2. Qe2 c5 3. f4 Be7 4. Nf3 Nc6 5. g3 Nf6 (5... d5 6. e5 Nh6 7. d3 Nf5 8. c3 b5 9. Bg2 a5 10. O-O h5 11. Na3 b4 12. Nc2 a4 13. Ne3 g6 14. Nxf5 gxf5 {0-1 (56) Szuk,B (2416)-Cao,S (2491) Hungary 2008}) 6. d3 {C00: French: Unusual White 2nd moves} Qb6 (6... d5 $11) 7. c3 d6 8. Bg2 {White is slightly better.} e5 9. f5 $146 ({Predecessor:} 9. Nbd2 O-O 10. Nc4 Qc7 11. Ne3 b6 12. f5 Ba6 {½-½ (65) Robson,P (1897)-Kuenitz,K (1690) Caleta 2017}) 9... g6 10. O-O gxf5 11. exf5 Bd7 12. Na3 O-O-O (12... h5 $142) 13. Nc4 $16 Qc7 14. b4 cxb4 15. cxb4 b5 (15... Nxb4 $6 16. Bd2 $11) 16. Na3 a6 (16... Nxb4 $6 17. Bd2 $11) 17. Nc2 $1 d5 {[#]} (17... Rhg8 $16 {keeps fighting.}) 18. a4 $1 $18 bxa4 19. d4 (19. Rxa4 $142 Kb7 20. Ra3 (20. d4 Qb6 $11)) 19... Qb6 {[#] Threatening ...e4.} 20. Nxe5 ({Better is} 20. Be3 $1 $16 e4 21. Ne5) 20... Nxe5 $11 21. Qxe5 {[%mdl 64] Double Attack} Rhe8 22. Bg5 {Black must now prevent Rac1.} Bb5 (22... Ng4 $11 23. Qf4 Bxg5 24. Qxg5 (24. Qxg4 Bf6 $15) 24... Nf6) 23. Rfc1 $16 {Threatens to win with Ne3+.} Qd6 24. Ne3+ Kb7 25. Bf4 {And now Rc7+ would win.} Qxe5 $4 {[%mdl 8192]} (25... Bc6 $16 {is a better defense.}) 26. dxe5 $18 (26. Bxe5 Rd7 $11) 26... Nh5 27. Nxd5 ({Resist} 27. Bxd5+ $6 Kb8 $18) 27... Nxf4 28. gxf4 ({Not} 28. Nxf4+ Kb8 $16) 28... Kb8 29. Ra2 ({White should play} 29. f6 $18 Bf8 30. Nc7 {[%mdl 64] Trapped Piece}) 29... Bf8 $16 30. Nf6 (30. Kf2 $142) 30... Rc8 31. Rb1 Red8 32. Nxh7 Bh6 33. Ng5 f6 $2 (33... Rd4 $1 $14) 34. Ne6 (34. exf6 $18 {is more deadly.} Bf8 35. Kf2) 34... Rg8 $2 (34... Rd7 $16) 35. Kf2 $2 (35. exf6 $18 {f7 is the strong threat.} Rh8 36. f7) 35... Bd3 (35... fxe5 $11 {keeps the balance.} 36. fxe5 Rc3) 36. Rbb2 (36. Re1 $16 Bc4 37. Rxa4) 36... Bxf5 $14 37. Nc5 $36 {[%mdl 2048] Keeping Black busy.} Bxf4 38. Nxa6+ Ka7 39. b5 (39. Nc5 $16 fxe5 40. Rxa4+ Kb6 41. Ra6+ Kc7 42. Rba2) 39... Bxe5 $2 {[%mdl 8192]} (39... Kb6 $11 40. exf6 Bxh2) 40. b6+ Kxa6 41. Rxa4# {Accuracy: White = 44%, Black = 26%.} 1-0

[Event "III Copa Marcel Duchamp 2019"]
[Site "Montevideo"]
[Date "2019.02.10"]
[Round "2.15"]
[White "Siddeley, Hugh"]
[Black "De Dovitiis, Alejo"]
[Result "0-1"]
[WhiteElo "1968"]
[BlackElo "2353"]
[Annotator "TA"]
[PlyCount "76"]
[EventDate "2019.02.09"]
[EventType "swiss"]
[EventCountry "URU"]
[SourceTitle "playchess.com"]
[Source "ChessBase"]
[SourceQuality "1"]

{[%evp 18,76,34,28,33,44,44,40,54,43,33,12,10,11,26,2,2,2,2,0,0,-17,0,-23,-14,-69,-54,-45,0,-53,-49,-85,-77,-93,-45,-45,-45,-47,-63,-193,-181,-183,-121,-187,0,-200,-196,-196,-208,-224,-158,-156,-190,-411,-404,-668,-656,-29991,-29992,-29992,-1679]} 1. e4 {[%cal Be2e4,Be4e5][%mdl 32]} c5 2. Nf3 e6 3. d4 cxd4 4. Nxd4 Nf6 5. Nc3 Bb4 6. e5 Nd5 7. Bd2 Nxc3 8. bxc3 Be7 9. Qg4 Kf8 {B40: Sicilian: 2...e6, Unusual lines} 10. Bd3 {LiveBook: 6 Games} Nc6 (10... h5 11. Qf4 d6 12. Bg6 Qe8 13. Nf3 d5 14. Bd3 Nd7 15. h4 Nc5 16. Rh3 Rh6 17. Rg3 Nxd3+ 18. cxd3 {1-0 (34) Geller,J (2526)-Paravyan,D (2550) Moscow 2017}) 11. Nxc6 dxc6 {White is slightly better.} 12. O-O c5 $146 ({Predecessor:} 12... Qc7 13. Rae1 Bd7 14. Re3 h5 15. Qg3 c5 16. c4 Rd8 17. Bc3 {½-½ (73) Govedarica,R (2339)-Lajthajm,B (2401) Belgrade 2016}) 13. Be3 Qc7 14. f4 g6 15. Qf3 Bd7 16. Be4 Rb8 17. c4 h5 18. Rad1 Kg7 19. Rd2 Rhd8 20. Rdf2 Bc6 21. Rb1 (21. a3 $11) 21... Bxe4 22. Qxe4 b6 23. Re2 (23. a4 $11) 23... Qd7 $15 24. Kf2 Qa4 25. c3 Rd1 26. Rxd1 Qxd1 27. Rd2 Qh1 28. Kg3 (28. f5 $1 $15 gxf5 29. Qf4) 28... Qe1+ $19 29. Kf3 Bh4 $36 {[%mdl 2048] Black is really pushing.} (29... Rd8 $19 30. Rxd8 Bxd8) 30. g3 {[#]} (30. Qd3 $17 {might work better.} Rd8 31. Qe2 Rxd2 32. Bxd2) 30... Rd8 $2 ({Better is} 30... Be7 $1 $19 31. Qc2 Qh1+ 32. Rg2 Qf1+ 33. Rf2 Qxc4) 31. Qc2 $2 {[#]} (31. f5 $1 $11 Qf1+ 32. Rf2 Qh1+ 33. Rg2) 31... Qh1+ $1 32. Rg2 Be7 33. Bg1 h4 34. gxh4 Bxh4 35. a4 $2 (35. Qe2) 35... Be1 36. Kg4 {[#]} (36. Ke3 $142) 36... Rd3 $1 {[%mdl 512]} 37. f5 (37. Qxd3 Qxg2+) 37... exf5+ 38. Kf4 {[#]} Bd2+ $1 {[%mdl 512] Precision: White = 22%, Black = 76%.} 0-1

[Event "III Copa Marcel Duchamp 2019"]
[Site "Montevideo"]
[Date "2019.02.10"]
[Round "2.16"]
[White "Lopez Azambuja, Nicolas"]
[Black "Muzzi, Eduardo"]
[Result "1-0"]
[WhiteElo "2320"]
[BlackElo "1954"]
[Annotator "NA RC"]
[PlyCount "61"]
[EventDate "2019.02.09"]
[EventType "swiss"]
[EventCountry "URU"]
[SourceTitle "playchess.com"]
[Source "ChessBase"]
[SourceQuality "1"]
[TimeControl "5400+30"]

1. e4 e6 2. d4 d5 3. e5 c5 4. c3 Nc6 5. Nf3 Qb6 6. a3 Nge7 7. dxc5 Qxc5 8. Bd3 Ng6 9. Qe2 Qb6 10. O-O Be7 11. g3 Bd7 12. h4 f6 13. Bxg6+ hxg6 14. c4 fxe5 15. cxd5 Nd4 16. Nxd4 exd4 17. Re1 O-O-O 18. Bf4 Bd6 19. dxe6 Bb5 20. Qg4 Kb8 21. Nd2 Ka8 22. Bg5 Rde8 23. b4 Be7 24. Bxe7 Rxe7 25. Nb3 d3 26. Rad1 Rd8 27. Rd2 Qd6 28. Qxg6 Qd5 29. Qg5 Qxg5 30. hxg5 Rd6 31. f4 1-0

[Event "III Copa Marcel Duchamp 2019"]
[Site "Montevideo"]
[Date "2019.02.10"]
[Round "2.17"]
[White "Escofet, Jaime"]
[Black "Mussanti, Diego"]
[Result "0-1"]
[WhiteElo "1957"]
[BlackElo "2305"]
[Annotator "NA"]
[PlyCount "55"]
[EventDate "2019.02.09"]
[EventType "swiss"]
[EventCountry "URU"]
[SourceTitle "playchess.com"]
[Source "ChessBase"]
[SourceQuality "1"]
[TimeControl "5400+30"]

1. b3 d5 2. Bb2 Nf6 3. e3 c5 4. Bb5+ Nbd7 5. Nf3 e6 6. Ne5 a6 7. Bxd7+ Nxd7 8. O-O Nxe5 9. Bxe5 f6 10. Bb2 Bd6 11. d4 O-O 12. Nd2 Qc7 13. h3 c4 14. bxc4 dxc4 15. c3 b5 16. e4 Bb7 17. Qe2 Rac8 18. Rfe1 a5 19. Rac1 Bh2+ 20. Kh1 Bf4 21. Rb1 b4 22. a3 Bxd2 23. Qxd2 f5 24. exf5 Rxf5 25. Re5 Rxe5 26. dxe5 Qxe5 27. axb4 Qf5 28. Kg1 0-1

[Event "III Copa Marcel Duchamp 2019"]
[Site "Montevideo"]
[Date "2019.02.10"]
[Round "2.18"]
[White "Scarella, Enrique Alejandro"]
[Black "Durante, Aurelio"]
[Result "1-0"]
[WhiteElo "2304"]
[BlackElo "1941"]
[Annotator "NA"]
[PlyCount "58"]
[EventDate "2019.02.09"]
[EventType "swiss"]
[EventCountry "URU"]
[SourceTitle "playchess.com"]
[Source "ChessBase"]
[SourceQuality "1"]
[TimeControl "5400+30"]

1. Nf3 d5 2. c4 c6 3. e3 Nf6 4. d4 e6 5. Bd3 Be7 6. Nc3 O-O 7. O-O Nbd7 8. Qe2 Qc7 9. e4 dxc4 10. Bxc4 e5 11. h3 b5 12. Bb3 a5 13. dxe5 Nxe5 14. Nxe5 Qxe5 15. f4 Qh5 16. Qxh5 Nxh5 17. Bd1 Nf6 18. e5 Bc5+ 19. Kh2 Nd5 20. Nxd5 cxd5 21. Bf3 Bb7 22. Rd1 Rfd8 23. f5 Ra6 24. Bf4 f6 25. e6 g5 26. Rac1 Bd6 27. Bxd6 Raxd6 28. Rc7 Rb6 29. e7 Re8 1-0

[Event "III Copa Marcel Duchamp 2019"]
[Site "Montevideo"]
[Date "2019.02.10"]
[Round "2.19"]
[White "Rupel, David"]
[Black "Zapata Charles, Santiago"]
[Result "0-1"]
[WhiteElo "1953"]
[BlackElo "2300"]
[Annotator "NA"]
[PlyCount "42"]
[EventDate "2019.02.09"]
[EventType "swiss"]
[EventCountry "URU"]
[SourceTitle "playchess.com"]
[Source "ChessBase"]
[SourceQuality "1"]
[TimeControl "5400+30"]

1. d4 Nf6 2. c4 g6 3. Nc3 d5 4. cxd5 Nxd5 5. Bd2 Nb6 6. e4 Qxd4 7. Nf3 Qd8 8. Bf4 Qxd1+ 9. Rxd1 c6 10. Bc7 Bd7 11. a4 Bg7 12. a5 Nc8 13. Bc4 Nd6 14. Bxd6 exd6 15. Rxd6 Ke7 16. Rd3 b5 17. Ba2 Na6 18. e5 Nb4 19. Rxd7+ Kxd7 20. Bxf7 Nd3+ 21. Ke2 Nxe5 0-1

[Event "III Copa Marcel Duchamp 2019"]
[Site "Montevideo"]
[Date "2019.02.10"]
[Round "2.21"]
[White "Suarez, Pedro"]
[Black "Larrea, Manuel"]
[Result "0-1"]
[WhiteElo "1950"]
[BlackElo "2269"]
[Annotator "NA"]
[PlyCount "64"]
[EventDate "2019.02.09"]
[EventType "swiss"]
[EventCountry "URU"]
[SourceTitle "playchess.com"]
[Source "ChessBase"]
[SourceQuality "1"]
[TimeControl "5400+30"]

1. d4 Nf6 2. c4 e6 3. Nc3 d5 4. cxd5 Nxd5 5. e4 Nxc3 6. bxc3 c5 7. Bb5+ Bd7 8. Bxd7+ Nxd7 9. Nf3 cxd4 10. cxd4 Bb4+ 11. Bd2 Bxd2+ 12. Qxd2 Nf6 13. Qb4 Nxe4 14. Qxb7 Nd6 15. Qc6+ Ke7 16. O-O Rc8 17. Qa4 Qd7 18. Qa3 f6 19. Ne5 Qb7 20. Rab1 Qa8 21. Rfe1 Rc7 22. Qg3 fxe5 23. Qxe5 Rd8 24. Qxg7+ Nf7 25. Qxh7 Rxd4 26. Qh3 Qd5 27. Qe3 Rg4 28. g3 Ng5 29. Rec1 Nf3+ 30. Kf1 Rd7 31. Qa3+ Kf7 32. Rb8 Nd2+ 0-1

[Event "III Copa Marcel Duchamp 2019"]
[Site "Montevideo"]
[Date "2019.02.10"]
[Round "2.22"]
[White "Carbone, Diego"]
[Black "Bertucci, Santiago"]
[Result "1-0"]
[WhiteElo "2256"]
[BlackElo "1909"]
[Annotator "NA"]
[PlyCount "41"]
[EventDate "2019.02.09"]
[EventType "swiss"]
[EventCountry "URU"]
[SourceTitle "playchess.com"]
[Source "ChessBase"]
[SourceQuality "1"]
[TimeControl "5400+30"]

1. d4 d5 2. c4 c6 3. Nf3 Nf6 4. e3 Bf5 5. Nc3 e6 6. Nh4 Bg6 7. Be2 dxc4 8. Nxg6 hxg6 9. Bxc4 Bd6 10. e4 Rxh2 11. Rxh2 Bxh2 12. e5 Nh5 13. Ne4 Qh4 14. Qf3 f5 15. Nd6+ Kd7 16. Bxe6+ Kc7 17. Qb3 b6 18. Bd2 Bg1 19. O-O-O Bxf2 20. Bc8 Bxd4 21. Qf7+ 1-0

[Event "III Copa Marcel Duchamp 2019"]
[Site "Montevideo"]
[Date "2019.02.10"]
[Round "2.23"]
[White "Rodriguez Farias, Eduardo"]
[Black "Muniz, Rafael"]
[Result "0-1"]
[WhiteElo "1935"]
[BlackElo "2250"]
[Annotator "NA"]
[PlyCount "41"]
[EventDate "2019.02.09"]
[EventType "swiss"]
[EventCountry "URU"]
[SourceTitle "playchess.com"]
[Source "ChessBase"]
[SourceQuality "1"]
[TimeControl "5400+30"]

1. e4 d6 2. d4 Nf6 3. Nc3 Nbd7 4. Nf3 e5 5. Bc4 Be7 6. a4 O-O 7. O-O c6 8. Qe2 b6 9. Bg5 h6 10. Bh4 a6 11. Bg3 Nh5 12. dxe5 Nxg3 13. fxg3 dxe5 14. h3 Qc7 15. g4 Nc5 16. g3 Rb8 17. Ne1 b5 18. axb5 axb5 19. Ba2 b4 20. Nd1 b3 21. cxb3 0-1

[Event "III Copa Marcel Duchamp 2019"]
[Site "Montevideo"]
[Date "2019.02.10"]
[Round "2.24"]
[White "Ramos Correa, Gabriel"]
[Black "Coppola, Claudio"]
[Result "0-1"]
[WhiteElo "1920"]
[BlackElo "2209"]
[Annotator "NA"]
[PlyCount "82"]
[EventDate "2019.02.09"]
[EventType "swiss"]
[EventCountry "URU"]
[SourceTitle "playchess.com"]
[Source "ChessBase"]
[SourceQuality "1"]
[TimeControl "5400+30"]

1. d4 Nf6 2. c4 c5 3. d5 b5 4. cxb5 a6 5. e3 axb5 6. Bxb5 Qa5+ 7. Nc3 Bb7 8. Bd2 Qb6 9. Qb3 e6 10. e4 Nxe4 11. Bxd7+ Nxd7 12. Qxb6 Nxb6 13. Nxe4 Bxd5 14. f3 Rxa2 15. Rxa2 Bxa2 16. Be3 Na4 17. Nc3 Nxc3 18. bxc3 Bd6 19. Ne2 Ke7 20. Kf2 Rb8 21. Rd1 Rb2 22. Rd2 Rxd2 23. Bxd2 Be5 24. f4 Bc7 25. Be3 Kd6 26. Ke1 Bd5 27. g3 Ba5 28. Kd2 Be4 29. Nc1 Kd5 30. Nb3 Bb6 31. Ke2 c4 32. Nd4 Ba5 33. Bd2 Bd3+ 34. Kf3 f6 35. Nb5 e5 36. fxe5 fxe5 37. Be3 Kc6 38. Na7+ Kb7 39. Nb5 Ka6 40. Nd6 Bxc3 41. Ne8 Bb2 0-1

[Event "III Copa Marcel Duchamp 2019"]
[Site "Montevideo"]
[Date "2019.02.10"]
[Round "2.25"]
[White "El Ters, Antouan"]
[Black "Hart, Alexander"]
[Result "1-0"]
[WhiteElo "2205"]
[BlackElo "1881"]
[Annotator "NA"]
[PlyCount "93"]
[EventDate "2019.02.09"]
[EventType "swiss"]
[EventCountry "URU"]
[SourceTitle "playchess.com"]
[Source "ChessBase"]
[SourceQuality "1"]
[TimeControl "5400+30"]

1. e4 c6 2. Nf3 d5 3. exd5 cxd5 4. Bb5+ Bd7 5. Qe2 Nc6 6. Nc3 Nf6 7. O-O e6 8. d4 Be7 9. Bg5 O-O 10. a3 Ne4 11. Bxe7 Nxc3 12. bxc3 Nxe7 13. Bd3 Ng6 14. g3 f5 15. h4 Qc7 16. Ng5 Rf6 17. c4 h6 18. Nf3 dxc4 19. Bxc4 Kh8 20. h5 Bc6 21. Ne5 Nxe5 22. dxe5 Rff8 23. Rfd1 f4 24. g4 f3 25. Qe3 Qe7 26. Rd4 Qh4 27. Rad1 Rae8 28. Rf4 Qh3 29. Bf1 Qh4 30. Rd6 Qe7 31. Bc4 Qh4 32. Rxe6 Rd8 33. Rd6 Rxf4 34. Rxd8+ Qxd8 35. Qxf4 Qe7 36. Qf5 Be8 37. Qxf3 b5 38. Bd5 a5 39. Ba2 Qc5 40. Qb3 Qf8 41. Qe6 b4 42. axb4 axb4 43. Bb3 Bb5 44. Kg2 Qd8 45. Kg3 Qf8 46. f4 Be8 47. Qd6 1-0

[Event "III Copa Marcel Duchamp 2019"]
[Site "Montevideo"]
[Date "2019.02.10"]
[Round "2.26"]
[White "Dotta, Gian Franco"]
[Black "Hernandez Amura, Gilberto"]
[Result "0-1"]
[WhiteElo "1896"]
[BlackElo "2199"]
[Annotator "NA"]
[PlyCount "52"]
[EventDate "2019.02.09"]
[EventType "swiss"]
[EventCountry "URU"]
[SourceTitle "playchess.com"]
[Source "ChessBase"]
[SourceQuality "1"]
[TimeControl "5400+30"]

1. e4 e6 2. d4 d5 3. Nc3 Nf6 4. e5 Nfd7 5. Nce2 c5 6. c3 Nc6 7. f4 b5 8. a3 Qb6 9. Nf3 b4 10. dxc5 Bxc5 11. cxb4 Bf2+ 12. Kd2 a5 13. bxa5 Nxa5 14. Ned4 Bxd4 15. Nxd4 Qxd4+ 16. Ke1 Qe4+ 17. Kf2 O-O 18. Bd3 Qd4+ 19. Kg3 g6 20. h4 Nc5 21. Bc2 Qxd1 22. Rxd1 Ncb3 23. Rb1 Ba6 24. Be3 Rfc8 25. Bxb3 Nxb3 26. Re1 Bd3 0-1

[Event "III Copa Marcel Duchamp 2019"]
[Site "Montevideo"]
[Date "2019.02.10"]
[Round "2.27"]
[White "Lagar, Valentin Alejo"]
[Black "Pena Canapa, Alfredo"]
[Result "1-0"]
[WhiteElo "2196"]
[BlackElo "1867"]
[Annotator "NA"]
[PlyCount "93"]
[EventDate "2019.02.09"]
[EventType "swiss"]
[EventCountry "URU"]
[SourceTitle "playchess.com"]
[Source "ChessBase"]
[SourceQuality "1"]
[TimeControl "5400+30"]

1. e4 e5 2. Nf3 Nc6 3. Bc4 Bc5 4. d3 a6 5. Nbd2 d6 6. a4 h6 7. c3 Ba7 8. Nf1 Nf6 9. Ng3 Ne7 10. O-O O-O 11. Re1 Be6 12. Bb3 Bxb3 13. Qxb3 Qd7 14. d4 c6 15. h3 Ng6 16. Be3 exd4 17. Bxd4 Bxd4 18. cxd4 Rfe8 19. Nd2 c5 20. Nc4 Qc7 21. d5 Rad8 22. a5 Rd7 23. Qc3 Rde7 24. f3 Rd8 25. Nf5 Ree8 26. Nxh6+ gxh6 27. Qxf6 Qe7 28. Qxe7 Rxe7 29. Ne3 Kh7 30. Kf2 Ne5 31. Ke2 Rc7 32. f4 Ng6 33. g3 h5 34. Kf3 Ne7 35. Rec1 Kg6 36. g4 hxg4+ 37. hxg4 Rh8 38. Kg3 Rcc8 39. Nc4 Rcd8 40. Rab1 Ng8 41. Rh1 Rxh1 42. Rxh1 Nf6 43. Kf3 Kg7 44. g5 Ne8 45. Kg4 f6 46. Ne3 fxg5 47. Nf5+ 1-0

[Event "III Copa Marcel Duchamp 2019"]
[Site "Montevideo"]
[Date "2019.02.10"]
[Round "2.28"]
[White "Ruggiero, Alvaro"]
[Black "Fiora, Emilio"]
[Result "0-1"]
[WhiteElo "1869"]
[BlackElo "2190"]
[Annotator "NA"]
[PlyCount "52"]
[EventDate "2019.02.09"]
[EventType "swiss"]
[EventCountry "URU"]
[SourceTitle "playchess.com"]
[Source "ChessBase"]
[SourceQuality "1"]
[TimeControl "5400+30"]

1. e4 c5 2. Nc3 e6 3. f4 a6 4. Nf3 b5 5. g3 Bb7 6. d3 Nc6 7. Bg2 d6 8. O-O Be7 9. Kh1 Nf6 10. Ne2 O-O 11. c3 Qc7 12. Be3 c4 13. dxc4 Nxe4 14. cxb5 axb5 15. Nfd4 Na5 16. Qc2 Nf6 17. Bxb7 Qxb7+ 18. Nf3 Nc4 19. Bg1 e5 20. fxe5 dxe5 21. h3 Ra6 22. Kh2 Rd8 23. b3 Nd2 24. Kg2 e4 25. Nfd4 e3+ 26. Kh2 Ng4+ {Kg2 Nf6+ Nf3 Nxf3 Rxf3 Rd2} 0-1

[Event "III Copa Marcel Duchamp 2019"]
[Site "Montevideo"]
[Date "2019.02.10"]
[Round "2.30"]
[White "Baudel, Simon"]
[Black "Hurtado Bahamonde, Rodrigo"]
[Result "0-1"]
[WhiteElo "1847"]
[BlackElo "2172"]
[Annotator "NA"]
[PlyCount "110"]
[EventDate "2019.02.09"]
[EventType "swiss"]
[EventCountry "URU"]
[SourceTitle "playchess.com"]
[Source "ChessBase"]
[SourceQuality "1"]
[TimeControl "5400+30"]

1. f4 e5 2. fxe5 d6 3. exd6 Bxd6 4. Nf3 g5 5. g3 g4 6. Nh4 Ne7 7. d4 Ng6 8. Nxg6 hxg6 9. Bg2 Rxh2 10. Bf4 Bxf4 11. gxf4 Rxh1+ 12. Bxh1 Qh4+ 13. Kd2 Qf2 14. c3 Qxf4+ 15. e3 Qh2+ 16. Kc1 Nc6 17. Nd2 Bd7 18. Kc2 O-O-O 19. Qg1 Rh8 20. Bd5 f5 21. Rf1 Ne7 22. Bg2 Bc6 23. Bxc6 bxc6 24. Kd3 Nd5 25. a3 Rh3 26. Qxh2 Rxh2 27. c4 Nf6 28. b4 Kd7 29. a4 a6 30. a5 Rh3 31. Rf2 g3 32. Rg2 Rh2 33. Rg1 g5 34. d5 cxd5 35. b5 dxc4+ 36. Nxc4 axb5 37. Ne5+ Ke6 38. Nf3 Ra2 39. Nxg5+ Kd5 40. Rxg3 Ra3+ 41. Kc2 Ne4 42. Rf3 Ke5 43. Nf7+ Kf6 44. Nh6 Nd6 45. Ng8+ Kf7 46. Nh6+ Ke6 47. Rg3 Rxa5 48. Rg7 c5 49. Rc7 Kd5 50. Ng8 Kc4 51. Nf6 Ra2+ 52. Kb1 Re2 53. Re7 f4 54. Ng4 Nf5 55. e4 Nxe7 0-1

[Event "III Copa Marcel Duchamp 2019"]
[Site "Montevideo"]
[Date "2019.02.10"]
[Round "2.31"]
[White "Ramirez Dominguez, Agustin"]
[Black "Granara Barreto, Sebastian"]
[Result "0-1"]
[WhiteElo "1907"]
[BlackElo "2134"]
[Annotator "NA"]
[PlyCount "74"]
[EventDate "2019.02.09"]
[EventType "swiss"]
[EventCountry "URU"]
[SourceTitle "playchess.com"]
[Source "ChessBase"]
[SourceQuality "1"]
[TimeControl "5400+30"]

1. d4 c5 2. d5 Nf6 3. c4 b5 4. cxb5 a6 5. g3 axb5 6. Bg2 d6 7. Bg5 Nbd7 8. Nd2 g6 9. a4 bxa4 10. Bxf6 Nxf6 11. Rxa4 Rxa4 12. Qxa4+ Bd7 13. Qa2 Bg7 14. Nh3 O-O 15. O-O Bb5 16. Nc4 Qa8 17. Qxa8 Rxa8 18. b3 Ra2 19. e4 Nd7 20. Rc1 Bxc4 21. bxc4 Bd4 22. Kf1 Ne5 23. f3 Nd3 24. Rd1 Nb4 25. Bh1 Nc2 26. Ke2 Ne3+ 27. Rd2 Ra1 28. Nf2 Nxc4 29. Rxd4 cxd4 30. Kd3 Nb2+ 31. Kxd4 Nd1 32. Nh3 Ra2 33. Nf4 Ra4+ 34. Kd3 Nf2+ 35. Ke2 Nxh1 36. Kf1 Ra2 37. Ne2 h5 0-1

[Event "III Copa Marcel Duchamp 2019"]
[Site "Montevideo"]
[Date "2019.02.10"]
[Round "3.1"]
[White "Mareco, Sandro"]
[Black "Mussanti, Diego"]
[Result "1-0"]
[WhiteElo "2664"]
[BlackElo "2305"]
[Annotator "TA"]
[PlyCount "39"]
[EventDate "2019.02.09"]
[EventType "swiss"]
[EventCountry "URU"]
[SourceTitle "playchess.com"]
[Source "ChessBase"]
[SourceQuality "1"]

{[%evp 10,39,12,0,37,42,52,21,23,8,28,29,9,10,14,27,25,14,117,117,108,117,374,366,409,387,410,408,391,390,382,339]} 1. c4 e6 2. Nf3 d5 3. g3 dxc4 4. Bg2 Nf6 5. O-O Nbd7 6. Qc2 a6 {A13: English Opening: 1...e6} 7. a4 {[%cal Ba2a4,Ba4a5][%mdl 32]} Be7 (7... Nb6 8. a5 Nbd5 9. Qxc4 b5 10. axb6 cxb6 11. Nc3 Bb7 12. d4 b5 13. Qb3 Be7 {½-½ (67) Adhiban,B (2695)-Jumabayev,R (2602) Makati 2018}) 8. a5 O-O $146 {The position is equal.} ({Predecessor:} 8... Nc5 9. Qxc4 Qd5 10. Qc2 Qb3 11. Na3 Qxc2 12. Nxc2 {0-1 (48) Kantans,T (2342)-Swiercz,D (2522) Warsaw 2010}) 9. Na3 Nd5 10. Nxc4 b5 11. axb6 cxb6 12. d4 Bb7 13. Bd2 Bb4 (13... N5f6 $11) 14. e4 $16 Bxd2 15. exd5 ({Of course not} 15. Ncxd2 $6 Nb4 $11) 15... exd5 $2 {[%mdl 8192] [#]} (15... Bh6 $16) 16. Ncxd2 {White is winning.} Rc8 17. Qb3 Nf6 18. Bh3 Rc6 19. Ne5 Rd6 20. f3 {Accuracy: White = 76%, Black = 30%.} 1-0

[Event "III Copa Marcel Duchamp 2019"]
[Site "Montevideo"]
[Date "2019.02.10"]
[Round "3.2"]
[White "Hernandez Guerrero, Gilberto"]
[Black "Scarella, Enrique Alejandro"]
[Result "1-0"]
[WhiteElo "2533"]
[BlackElo "2304"]
[Annotator "TA"]
[PlyCount "75"]
[EventDate "2019.02.09"]
[EventType "swiss"]
[EventCountry "URU"]
[SourceTitle "playchess.com"]
[Source "ChessBase"]
[SourceQuality "1"]

{[%evp 9,75,63,129,86,85,93,83,91,78,81,100,111,130,67,70,67,77,65,64,53,72,31,71,70,65,4,14,4,59,64,80,45,71,37,37,39,48,36,32,45,50,35,63,55,56,66,45,56,121,127,128,127,119,120,136,85,155,136,222,196,343,126,551,443,426,432,415,407]} 1. e4 c5 2. Nf3 g6 3. d4 Bg7 4. c3 Qc7 5. Na3 b6 (5... cxd4 $14 6. cxd4 (6. Nxd4 Nc6 $11) 6... d5) 6. Bc4 {B27: Sicilian: 2 Nf3, unusual Black 2nd moves} Ba6 7. Nb5 $146 ({Predecessor:} 7. Bxa6 Nxa6 8. O-O cxd4 9. cxd4 Nf6 10. Re1 O-O 11. Bg5 Qb7 12. Qe2 Rac8 {0-1 (50) Naiditsch,A (2727)-Shoker,S (2500) Antalya 2013}) 7... Bxb5 8. Bxb5 {White is better.} a6 9. Bd3 e6 10. O-O Ne7 11. Be3 ({White should play} 11. d5 $16) 11... O-O $14 12. Qd2 d6 13. Rad1 Nd7 14. Bf4 Rfd8 15. Bb1 e5 16. Bg5 Nf8 17. Qe2 (17. d5 $14) 17... exd4 $11 18. cxd4 cxd4 (18... Ne6 $11) 19. Nxd4 $14 Re8 20. Rfe1 b5 21. Qd2 Bxd4 22. Qxd4 Ne6 {[%mdl 64] [#] Double Attack} 23. Qf6 Nxg5 24. Qxg5 Qc5 25. Qd2 Rad8 26. Re3 Nc6 27. Rc3 Qb6 28. Qh6 {And now Rh3 would win.} d5 (28... Rd7 $14) 29. Rh3 $16 dxe4 {[%cal Rd8d1]} 30. Qxh7+ Kf8 {[%cal Rd8d1]} 31. Qh6+ Ke7 {[%cal Rd8d1] [#]} 32. Qg5+ $40 {[%mdl 128] White goes for the king.} ({White should try} 32. Re1 $1) 32... Ke6 (32... Kf8 $142 33. Qh6+ Ke7) 33. Re1 {Strongly threatening Rf3.} Ne5 (33... Rd5 $16 34. Rxe4+ Kd6 35. Qf6+ Re6 36. Rxe6+ fxe6 37. Qf8+ Kc7 38. Rh7+ Rd7) 34. Bxe4 $18 f6 (34... Kd7 $142 35. Qc1 Re7) 35. Qg3 $2 (35. Qc1 $18 {and the rest is easy.}) 35... Qd4 $2 {[%mdl 8192]} (35... f5 $16 {is tougher.}) 36. Qb3+ Qc4 37. Qxc4+ bxc4 38. f4 {Accuracy: White = 44%, Black = 52%.} 1-0